| 000 | 01047nam a2200289 i 4500 | ||
|---|---|---|---|
| 001 | bg | ||
| 003 | BPK | ||
| 005 | 20200103121751.0 | ||
| 008 | 080925s2008 pl a f f |001 0 pol | ||
| 015 | _aPB 2008/24113 | ||
| 020 | _a9788360501955 | ||
| 040 |
_aWA N _cBPK |
||
| 080 | _a005.94 | ||
| 080 | _a(075.8) | ||
| 245 | 0 | 0 |
_aZarządzanie wiedzą / _cred. nauk. Dariusz Jemielniak, Andrzej K. Koźmiński ; aut. Aleksander Chrostowski [et al.]. |
| 260 |
_aWarszawa : _bWydawnictwa Akademickie i Profesjonalne, _c2008. |
||
| 300 |
_a555 s. : _bil. ; _c24 cm. |
||
| 504 | _aBibliogr. przy rozdz. Indeks. | ||
| 521 | 8 | _aPodręcznik akademicki. | |
| 655 | 4 | _aPodręczniki akademickie | |
| 650 | 4 | _aZarządzanie wiedzą | |
| 700 | 1 |
_aJemielniak, Dariusz _d(1975- ). _eRed. |
|
| 700 | 1 |
_aKoźmiński, Andrzej Krzysztof _d(1941- ) _eRedakcja |
|
| 700 | 1 |
_aChrostowski, Aleksander _eAutor |
|
| 942 |
_2UKD _cKS |
||
| 856 |
_uhttp://koha.tu.koszalin.pl/cgi-bin/koha/opac-detail.pl?biblionumber=55971 _yKatalog online BPK |
||
| 999 |
_c55971 _d55971 |
||